000 00791nam0a22002531 4500
001 rc\3016932
005 20250806201210.0
035 _a(NLR Aleph) 007159182
090 _a13673
_c13673
100 _a20110926d1941 u y0rusy50 ca
101 0 _arus
102 _aRU
105 _ay z |||||
200 1 _aКрымский ливень [и др. рассказы]
_fЯ. Мерзон
210 _aЛенинград
_cСоветский писатель
_d1941
215 _a121, [3] с.
_d15 см
700 1 _aИльичев
_bЯ.И.
_f1913-1986
_gЯков Ильич
801 0 _aRU
_bNLR
_gpsbo
801 1 _aRU
_bELAR
_2rusmarc
852 _aNLR
_bЛ
_j30 Г-1/89
942 _cBOOK
945 _aРоссийская национальная библиотека
980 _aNB
980 _aBV